| 000 | 01313nam a2200241Ia 4500 | ||
|---|---|---|---|
| 999 |
_c36362 _d36362 |
||
| 001 | 2274 | ||
| 003 | GE_BSU | ||
| 005 | 20190501105714.0 | ||
| 008 | 181216s2002||||ge |||||||||||||| ||geo|| | ||
| 040 | _cGE_BSU | ||
| 041 | _ageo | ||
| 080 | _a336.2+657 პ–18 | ||
| 100 |
_aპაპასქუა, იური. _9564 |
||
| 245 |
_aშეზღუდული პასუხსიმგებლობის საზოგადოება პრაკტიკაში : _bსაწარმოთა ყველაზე გავრცელებული ორგანიზაციულ–სამართლებრივი ფორმა / _cიური პაპასქუა; რედ.: იაკობ მესხია. |
||
| 264 |
_aთბილისი : _bბიზნეს-კურიერი, _c2002. |
||
| 300 |
_a192 გვ.; _b19 სმ. |
||
| 490 | _aმეწარმის სამაგიდო წიგნი | ||
| 653 | _aსამართალი; | ||
| 653 | _aსაწამეო სამართალი; | ||
| 653 | _aშეზღუდული პასუხისმგებლობის საზოგადოება. | ||
| 700 |
_aმესხია, იაკობ _eრედაქტორი _9565 |
||
| 942 |
_cBK _2udc |
||